<?xml version="1.0" encoding="UTF-8"?>
<collection xmlns="http://www.loc.gov/MARC21/slim">
 <record>
  <leader>01596nam a22002417a 4500</leader>
  <controlfield tag="001">NCT_67550</controlfield>
  <controlfield tag="008">190831b        xxu||||| |||| 00| 0 vie d</controlfield>
  <datafield tag="999" ind1=" " ind2=" ">
   <subfield code="c">3264</subfield>
   <subfield code="d">3264</subfield>
  </datafield>
  <datafield tag="020" ind1=" " ind2=" ">
   <subfield code="a">9786045881019</subfield>
   <subfield code="c">70000</subfield>
  </datafield>
  <datafield tag="082" ind1="0" ind2="4">
   <subfield code="2">23rd ed.</subfield>
   <subfield code="a">198</subfield>
   <subfield code="b">S657</subfield>
  </datafield>
  <datafield tag="100" ind1="1" ind2=" ">
   <subfield code="a">Shimoff, Marci </subfield>
  </datafield>
  <datafield tag="245" ind1="1" ind2="0">
   <subfield code="a">Khi mọi điểm tựa đều mất = </subfield>
   <subfield code="b">Happy for no reason</subfield>
   <subfield code="c">Marci Shimoff, Carol Kline ; Kim Vân (dịch)</subfield>
  </datafield>
  <datafield tag="250" ind1=" " ind2=" ">
   <subfield code="a">Tái bản lần thứ 11</subfield>
  </datafield>
  <datafield tag="260" ind1=" " ind2=" ">
   <subfield code="a">Tp. Hồ Chí Minh</subfield>
   <subfield code="b">Tổng hợp Tp. Hồ Chí Minh</subfield>
   <subfield code="c">2019</subfield>
  </datafield>
  <datafield tag="300" ind1=" " ind2=" ">
   <subfield code="a">277 tr.</subfield>
   <subfield code="c">21cm</subfield>
  </datafield>
  <datafield tag="520" ind1="3" ind2=" ">
   <subfield code="a">Cuốn sách giới thiệu bảy bước đơn giản giúp bạn trải nghiệm niềm hạnh phúc đích thực. Bảy bước này có liên quan đến bảy đối tượng mà bạn cần quan tâm trong cuộc sống của mình: sức mạnh bản thân, tinh thần, con tim, cơ thể, tâm hồn, mục tiêu và con người. Mỗi bước bao gồm ba thói quen hạnh phúc cùng những bài tập có tác dụng giúp nâng cao xúc cảm hạnh phúc.</subfield>
  </datafield>
  <datafield tag="653" ind1=" " ind2=" ">
   <subfield code="a">Sách tham khảo</subfield>
  </datafield>
  <datafield tag="700" ind1="1" ind2=" ">
   <subfield code="a">Kline, Carol</subfield>
  </datafield>
  <datafield tag="700" ind1="0" ind2=" ">
   <subfield code="a">Kim Vân</subfield>
   <subfield code="e">Dịch</subfield>
  </datafield>
  <datafield tag="942" ind1=" " ind2=" ">
   <subfield code="2">ddc</subfield>
   <subfield code="c">BK</subfield>
  </datafield>
  <datafield tag="952" ind1=" " ind2=" ">
   <subfield code="0">0</subfield>
   <subfield code="1">0</subfield>
   <subfield code="2">ddc</subfield>
   <subfield code="4">0</subfield>
   <subfield code="6">198_000000000000000_S657</subfield>
   <subfield code="7">0</subfield>
   <subfield code="9">17554</subfield>
   <subfield code="a">000001</subfield>
   <subfield code="b">000001</subfield>
   <subfield code="d">2019-08-31</subfield>
   <subfield code="o">198 S657</subfield>
   <subfield code="p">TK.01629</subfield>
   <subfield code="r">2019-08-31</subfield>
   <subfield code="v">70000.00</subfield>
   <subfield code="w">2019-08-31</subfield>
   <subfield code="y">BK</subfield>
  </datafield>
  <datafield tag="952" ind1=" " ind2=" ">
   <subfield code="0">0</subfield>
   <subfield code="1">0</subfield>
   <subfield code="2">ddc</subfield>
   <subfield code="4">0</subfield>
   <subfield code="6">198_000000000000000_S657</subfield>
   <subfield code="7">0</subfield>
   <subfield code="9">17555</subfield>
   <subfield code="a">000001</subfield>
   <subfield code="b">000001</subfield>
   <subfield code="d">2019-08-31</subfield>
   <subfield code="o">198 S657</subfield>
   <subfield code="p">TK.01630</subfield>
   <subfield code="r">2019-08-31</subfield>
   <subfield code="v">70000.00</subfield>
   <subfield code="w">2019-08-31</subfield>
   <subfield code="y">BK</subfield>
  </datafield>
  <datafield tag="980" ind1=" " ind2=" ">
   <subfield code="a">Thư viện Trường Đại học Nam Cần Thơ</subfield>
  </datafield>
 </record>
</collection>
